[Event "SVK-ch U10"]
[Site "Liptovsky Mikulas"]
[Date "2016.04.23"]
[Round "9"]
[White "Jalc, Filip"]
[Black "Rakovsky, Jakub"]
[Result "1-0"]
[WhiteElo "1253"]
[BlackElo "1000"]
[PlyCount "31"]
[EventDate "2016.04.16"]
[EventType "swiss"]
[EventRounds "9"]
[EventCountry "SVK"]
[SourceTitle "CBM 172 Extra"]
[Source "ChessBase"]
[SourceDate "2016.06.21"]
[SourceVersion "1"]
[SourceVersionDate "2016.06.21"]
[SourceQuality "1"]

1. d4 d5 2. Nf3 Nc6 3. Bf4 Nf6 4. c3 e6 5. e3 b6 6. h3 Bb7 7. Bd3 Bd6 8. Bxd6 Qxd6 9. Nbd2 0-0 10. 0-0 a5 11. Qe2 a4 12. e4 a3 13. b3 dxe4 14. Nxe4 Nxe4 15. Qxe4 Ba6 16. Qxh7# 1-0

[Event "SVK-ch U08"]
[Site "Stara Lubovna"]
[Date "2014.04.11"]
[Round "8"]
[White "Jalc, Filip"]
[Black "Holubcik, Matus"]
[Result "1-0"]
[WhiteElo "1000"]
[BlackElo "1000"]
[PlyCount "81"]
[EventDate "2014.04.05"]
[EventType "swiss"]
[EventRounds "9"]
[EventCountry "SVK"]
[SourceTitle "EXT 2016"]
[Source "ChessBase"]
[SourceDate "2015.10.08"]
[SourceVersion "1"]
[SourceVersionDate "2015.10.08"]
[SourceQuality "1"]

1. d4 d5 2. Nf3 Nc6 3. Bf4 Bf5 4. Nc3 Nf6 5. e3 e6 6. Bb5 Bd6 7. Bxc6+ bxc6 8. 0-0 Bxf4 9. exf4 0-0 10. Ne5 Ne4 11. Nxc6 Qd6 12. Ne5 Nxc3 13. bxc3 f6 14. Nd3 Bxd3 15. cxd3 Qxf4 16. g3 Qg5 17. Qe1 Rfe8 18. h4 Qf5 19. Kg2 e5 20. Rh1 exd4 21. Qg1 Qxd3 22. Rd1 Qe4+ 23. Kh2 Qe2 24. Re1 Qxa2 25. Rxe8+ Rxe8 26. Kg2 dxc3 27. Qh2 Qb2 28. h5 h6 29. Qh3 c2 30. Qd7 Rb8 31. Re1 c1Q 32. Rxc1 Qxc1 33. Kf3 Qc3+ 34. Kg4 d4 35. Kf5 Qc2+ 36. Ke6 Kh7 37. g4 Rb6+ 38. Ke7 d3 39. g5 hxg5 40. Qf5+ Kh6 41. Qg6# 1-0